Normal view MARC view

Entry Topical Term

Number of records used in: 1

001 - CONTROL NUMBER

  • control field: 14211

003 - CONTROL NUMBER IDENTIFIER

  • control field: OSt

005 - DATE AND TIME OF LATEST TRANSACTION

  • control field: 20191204154525.0

008 - FIXED-LENGTH DATA ELEMENTS

  • fixed length control field: 191204|| aca||aabn | a|a d

040 ## - CATALOGING SOURCE

  • Original cataloging agency: OSt
  • Transcribing agency: OSt

150 ## - HEADING--TOPICAL TERM

  • Topical term or geographic name entry element: Anglo-Indians

670 ## - SOURCE DATA FOUND

  • Source citation: Work cat.: (OSt): Rathaur, Kmakshi 14210, Dilemmatic Anglo-Indians of 1947: To stay back or to progress towards a foreign future

Powered by Koha